| 000 | 00598nam a22001817a 4500 | ||
|---|---|---|---|
| 005 | 20251108173533.0 | ||
| 008 | 250721s2003 xx 000 0 ara d | ||
| 020 | _a9960420892 | ||
| 082 | 1 | 4 | _a790.134/هوي |
| 100 | 1 | _aالهويشاني، محمد بن حوري | |
| 245 | 1 | 0 | _aوجدت الحل أسئلة و أجوبة ثقافية متنوعة لجميع المستويات / |
| 264 | 1 |
_aالرياض : _bدار طويق للنشر و التوزيع، _c2003. |
|
| 300 | _a144 ص. | ||
| 650 | 1 | 7 | _aالثقافة |
| 653 | _aالمسابقات | ||
| 942 |
_2ddc _cBK |
||
| 999 |
_c106277 _d106277 |
||